000 03046cam a22003494a 4500
001 12442308
003 GBCCL
005 20251105142926.0
008 010615s2001 caua b 001 0 eng
020 _a0878087842
_qalk. paper
020 _a9780878087846
_q(alk. paper)
035 _a12442308
040 _aDLC
_cDLC
_dDLC
082 0 0 _a261
_221
_bKRA 1
100 1 _aKraft, Charles H.
245 1 0 _aCulture, communication, and Christianity :
_ba selection of writings /
_cby Charles H. Kraft.
260 _aPasadena, Calif. :
_bWilliam Carey Library,
_cc2001.
300 _a504 p. :
_bill. ;
_c26 cm.
336 _atext
_btxt
_2rdacontent
337 _aunmediated
_bn
_2rdamedia
338 _avolume
_bnc
_2rdacarrier
504 _aIncludes bibliographical references (p. 464-473) and index.
504 _a"Bibliography of Charles H. Kraft"--P. 474-488.
505 _aIntroduction My pilgrimage in mission pt. 1. Anthropology Conservative Christians and anthropologists: a clash of worldviews God, human beings, culture and the cross-cultural communication of the gospel A perspective on culture An anthropological apologetic for the homogeneous unit principle in missiology Receptor-oriented ethics in cross-cultural intervention Anthropological perspectives on American women's issues pt. 2. Worldview A perspective on worldview Worldview in intercultural communication Worldview and Bible translation pt. 3. Ethnolinguistics Church planters and ethnolinguistics Toward an ethnography of hausa riddling An ethnolinguistic study of hausa epithets pt. 4. Communication The new wine of independence What you heard is not what I meant What is God trying to do? The incarnation, God's model for cross-cultural communication A communicating God The place of the receptor in communication The power of life involvement pt. 5. Theology An anthropological approach to theology Cultural anthropology: Its meaning for Christian theology Can anthropological insight assist Evangelical theology? An anthropologist's approach to theology Interpreting in cultural context Supracultural meanings via cultural forms pt. 6. Contextualization What is the contextualization of theology? Theology and theologies Toward a Christian ethnotheology Contextualizing communication Christian conversion or cultural conversion? Let's be Christian about polygamy The bearing of the passages in 1 Timothy and Titus on the matter of church leadership in polygamous societies Dynamic equivalence churches: An ethnotheological approach to indigeneity Measuring indigeneity
650 0 _aMissions
_xTheory.
650 0 _aChristianity and culture.
650 0 _aIntercultural communication
_xReligious aspects
_xChristianity.
906 _a7
_bcbc
_corignew
_d1
_eocip
_f20
_gy-gencatlg
942 _2ddc
_cBK
_n0
999 _c10972
_d10972